पर्यावरण संरक्षण: (Record no. 48972)
[ view plain ]
| 000 -LEADER | |
|---|---|
| fixed length control field | 00643nam a22001817a 4500 |
| 008 - FIXED-LENGTH DATA ELEMENTS--GENERAL INFORMATION | |
| fixed length control field | 230704b |||||||| |||| 00| 0 eng d |
| 020 ## - INTERNATIONAL STANDARD BOOK NUMBER | |
| International Standard Book Number | 81-85727-92-9 |
| 040 ## - CATALOGING SOURCE | |
| Original cataloging agency | National Science Library |
| Transcribing agency | National Science Library |
| 080 ## - UNIVERSAL DECIMAL CLASSIFICATION NUMBER | |
| Universal Decimal Classification number | 504.06 |
| Item number | P1 |
| 100 ## - MAIN ENTRY--PERSONAL NAME | |
| Personal name | Rawat, Taj |
| 245 ## - TITLE STATEMENT | |
| Title | पर्यावरण संरक्षण: |
| Remainder of title | शिक्षण प्रशिक्षण एवं विकास |
| 246 ## - VARYING FORM OF TITLE | |
| Title proper/short title | Paryaavaran sanrakshan: |
| Remainder of title | Shikshan, prashikshan avom vikaas |
| 260 ## - PUBLICATION, DISTRIBUTION, ETC. | |
| Place of publication, distribution, etc. | New Delhi: |
| Name of publisher, distributor, etc. | Takshila Prakashan, |
| Date of publication, distribution, etc. | 2001 |
| 300 ## - PHYSICAL DESCRIPTION | |
| Extent | 191p. |
| 650 ## - SUBJECT ADDED ENTRY--TOPICAL TERM | |
| Topical term or geographic name entry element | Environmental science |
| 653 ## - INDEX TERM--UNCONTROLLED | |
| Uncontrolled term | Education |
| 942 ## - ADDED ENTRY ELEMENTS (KOHA) | |
| Source of classification or shelving scheme | Universal Decimal Classification |
| Koha item type | Hindi Books |
| Withdrawn status | Lost status | Source of classification or shelving scheme | Damaged status | Not for loan | Home library | Current library | Shelving location | Date acquired | Total Checkouts | Full call number | Barcode | Date last seen | Price effective from | Koha item type |
|---|---|---|---|---|---|---|---|---|---|---|---|---|---|---|
| Universal Decimal Classification | National Science Library | National Science Library | GF/Rk-1/C-10/R-4 | 19/06/2003 | 504.06 P1 | 181349 | 04/07/2023 | 19/06/2003 | Hindi Books |